Normal view
MARC view
- الشيخ، عارف؛ تقديم محمد ياسر
Entry Personal Name
001 - CONTROL NUMBER
- control field: 46214
003 - CONTROL NUMBER IDENTIFIER
- control field: JO-AjAnu
005 - DATE AND TIME OF LATEST TRANSACTION
- control field: 20230606081635.0
008 - FIXED-LENGTH DATA ELEMENTS
- fixed length control field: 230606|| aca||aabn | a|a d
040 ## - CATALOGING SOURCE
- Original cataloging agency: JO-AjAnu
- Transcribing agency: JO-AjAnu
100 ## - HEADING--PERSONAL NAME
- Personal name: الشيخ، عارف؛ تقديم محمد ياسر
670 ## - SOURCE DATA FOUND
- Source citation: Work cat.: (JO-AjAnu)23656: الشيخ، عارف؛ تقديم محمد ياسر, author, القراءة من أجل التعليم